000 00382pab a2200157 454500
008 180718b2001 xxu||||| |||| 00| 0 eng d
100 _aChakrabarti, Ashis
245 _aRebet yell
260 _c2001
300 _ap.12
362 _a15 Mar
650 _aWest Bengal - Politics and government
650 _aPolitics and government
773 _aHindustan Times
909 _a48606
999 _c48606
_d48606